| 000 | 00000nam##2200000za#4500 |
| 001 | 9.669546 |
| 003 | CaOODSP |
| 005 | 20200330110654 |
| 007 | ta |
| 008 | 150407|2007||||xxc||||| f|0| 0 fre|d |
| 020 | |a978-0-662-05340-8 |
| 040 | |aCaOODSP|bfre |
| 041 | |aeng |
| 041 | |afre |
| 043 | |an-cn--- |
| 086 | 1 |aP109-7/2007 |
| 110 | 1 |aCanada.|bTravaux publics et Services gouvernementaux Canada. |bProgramme des Éditions et des services de dépôt. |
| 245 | 10|aGuide de référence pour les ministères auteurs : |bProgrammes d'édition : Droit d'auteur et licences |
| 260 | |aOttawa - Ontario : |bTravaux publics et Services gouvernementaux Canada. |cc2007. |
| 300 | |aTexte français, i, 21p. ; |c28 cm. |
| 563 | |aReliure à spirale |
| 691 | 07|aÉdition|2gcpds |
| 776 | 0#|tGuide de référence pour les ministères auteurs : |w(CaOODSP)9.634847 |
| 776 | 0#|tQuick reference guide for author departments : |w(CaOODSP)9.690488 |
| 791 | |tQuick reference guide for author departments : |eeng|w(CaOODSP)9.669545 |